| 000 | 00602cab a2200229 4500 | ||
|---|---|---|---|
| 001 | WB2701-66 | ||
| 008 | 090401t1990 xxu||||| |||| 00| 0 eng d | ||
| 035 | _a(Sirsi) u65273 | ||
| 041 | _aeng | ||
| 245 | _aChannel Islands | ||
| 260 | _c1990 | ||
| 350 | _a0 | ||
| 490 |
_aFinancial Times _v19 December 1990, 27-30 LOAN |
||
| 520 | _aA special report on the Channel Islands , including features on property development and tourism . | ||
| 650 | _aGUERNSEY | ||
| 650 | _aHOUSING | ||
| 650 | _aJERSEY | ||
| 650 | _aOFFICES | ||
| 690 | _aSPECIAL REPORTS | ||
| 942 | _n0 | ||
| 948 | _c04/03/1997 | ||
| 999 |
_c40704 _d40704 |
||